Intruso - Statistics

Estatísticas Gerais
  • Esse quiz foi jogado 88 vezes
  • A pontuação média é 13 de 15
Estatísticas das Respostas
Questão Resposta % Correto
Qual o intruso? Austrália
100%
Qual o intruso? Azul
100%
Qual o intruso? Cama
100%
Qual o intruso? Camisola
100%
Qual o intruso? Cão
100%
Qual o intruso? Carpinteiro
100%
Qual o intruso? Inglaterra
100%
Qual o intruso? Bonito
88%
Qual o intruso? Filipa Nascimento
88%
Qual o intruso? Rússia
88%
Qual o intruso? Fox
75%
Qual o intruso? Real Madrid
75%
Qual o intruso? Jonas Brothers
63%
Qual o intruso? Shakira
50%
Qual o intruso Sic
50%
Nenhum quiz correspondente encontrado
Distribuição das Pontuações
Porcentagem de Pessoas com Cada Pontuação
Percentil de Números Respondidos
Sua Pontuação Histórica
Você não jogou esse quiz